| 000 | 00925nam a22002657a 4500 | ||
|---|---|---|---|
| 001 | 9372 | ||
| 003 | FISKH | ||
| 005 | 20251216085132.0 | ||
| 008 | 251216b cb ||||| |||| 00| 0 eng d | ||
| 020 | _a0694009741 | ||
| 040 |
_aFISKH _beng _cFISKH _dFISKH |
||
| 050 | _aPZ7.S38877 I | ||
| 082 | _a741.5 | ||
| 100 |
_aSchulz, Charles M. _eAuthor |
||
| 245 |
_aI've been traded for a pizza? / _cCharles M. Schulz |
||
| 260 |
_aNew York : _bHarperCollins , _c1998 |
||
| 300 |
_a30 unnumbered pages : _bcolor illustrations ; _c21 cm |
||
| 505 | _aJ | ||
| 520 | _aWhat do team managers Charlie Brown and Peppermint Patty have in common? They both have terrible right fielders. So they decide on a trade: Peppermint Patty gets Lucy, and Charlie Brown gets Marcie... and a pizza. | ||
| 521 | 8 |
_a500
_bLexile estimate |
|
| 521 | 8 |
_aJ
_bRaz-Plus |
|
| 650 |
_aPicture book _vHumor |
||
| 942 |
_2ddc _cBK _n0 |
||
| 999 |
_c9372 _d9372 |
||